15 Ciudades más pobladas por B - Estadísticas

Estadísticas generales
  • Esta prueba ha sido intentada 34 veces
  • La puntuación promedio es 8 de 15
Estadísticas de respuestas
Poblacion Ciudad % Correcto
15.5M
Buenos Aires
88%
5.7M
Barcelona
84%
4.8M
Brasilia
81%
4.8M
Berlín
75%
4.9M
Boston
72%
18.2M
Bangkok
66%
21.8M
Beijing
59%
11.1M
Bogotá
59%
7.6M
Bagdad
50%
2.65M
Birmingham
47%
13.8M
Bangalore
41%
2.5M
Brisbane
38%
6.2M
Belo Horizonte
31%
3.4M
Busan
16%
5.5M
Bandung
9%
No se encontraron pruebas coincidentes
Distribución de puntuación
Porcentaje de gente con cada puntuación
Porcentaje por número respondido
Historial de tus puntuaciones
No has intentado esta prueba.